| 000 | 00355pam a2200157a 44500 | ||
|---|---|---|---|
| 008 | 230515b1979 xxu||||| |||| 00| 0 eng d | ||
| 020 | _aNULL | ||
| 041 | _aENGLISH | ||
| 082 | _a630 | ||
| 100 | _a8915-1978 | ||
| 245 | _aDIMENSIONS FOR DEPRESSED CENTRE WHEELS TYPE 27 | ||
| 250 | _a0 | ||
| 260 |
_aDELHI _bISI _c1979 |
||
| 300 | _a34 | ||
| 650 | _aNULL | ||
| 999 |
_c652179 _d652179 |
||